000 00861nas a2200301 4500
001 BR0402994
003 BR-BrBNA
005 20231205104608.0
007 ta
008 230509b bl.|||p| |||| 00| 00por d
040 _aBR-BrBNA
_bpor
_cBiblioteca Nacional de Agricultura
041 _a(Pt)
072 _aL72; L70
100 1 _aKessler, R.H.
100 1 _aSoares, C.O.
100 1 _aMadruga, C.R.
100 1 _aAraújo, F.R.
245 1 _aTristeza parasitária dos bovinos: quando vacinar é preciso
650 _aTRISTEZA PARASITÁRIA
650 _aBOVINO
650 _aVACINA
650 _aCARRAPATO
650 _aCONTROLE INTEGRADO
650 _aDOENÇA ANIMAL
773 0 _tHora Veterinária (Brazil)
_xISSN 0101-9163
_g(Jan-Feb 2004), v. 23(137) p. 26-30
_wBR0402994
909 _a202311
_bLúcia
_c55
_dLúcia Elande
942 _2AGRIS
_n0
_cANA
999 _c178882
_d178882